| 000 | 00918nam a2200217 i 4500 | ||
|---|---|---|---|
| 001 | 138699 | ||
| 003 | ES-MaACL | ||
| 005 | 20250821092336.0 | ||
| 007 | t| | ||
| 008 | 070214s1948 sp b |||| |dspa d | ||
| 100 | 1 |
_aSantiago Rodríguez, Miguel. _9103411 |
|
| 245 | 1 | 0 |
_aCatálogo de la biblioteca cervantina de D. José Mª de Asensio y Toledo / _cpor Miguel Santiago Rodríguez ; con un prólogo de Angel González Palencia y una noticia biográfica por Enrique Lafuente Ferrari. |
| 260 |
_aMadrid : _b[s. n.], _c1948 ( _fGráf. Ultra) |
||
| 300 |
_aXXX, 232 p. ; _c27 cm. |
||
| 600 | 1 | 7 |
_aCervantes Saavedra, Miguel de, _d1547-1616- _vBibliografías _2 _9168271 |
| 600 | 1 | 4 |
_aAsensio, José María- _xBiblioteca- _vCatálogos. _9169663 |
| 700 | 1 |
_aGonzález Palencia, Ángel, _d1889-1949 _958854 |
|
| 700 | 1 |
_aLafuente Ferrari, Enrique, _d1898-1985 _969538 |
|
| 852 |
_aES-MaACL _jB-1733 |
||
| 999 |
_c138699 _d138699 |
||